|
|
|
|
| LEADER |
00000cam a2200000 7i4500 |
| 001 |
0000001463 |
| 005 |
20151222.0 |
| 020 |
|
|
|a 9833277209
|
| 090 |
0 |
0 |
|a JF
|b CT ENG (1632)
|
| 100 |
0 |
|
|a G'Kay
|
| 245 |
1 |
4 |
|a The picture on the wall
|c Kay G
|
| 260 |
|
|
|a Kuala Lumpur :
|b Pustaka Segar ,
|c 2006
|
| 440 |
|
|
|a Strange tales for teenagers
|
| 500 |
|
|
|a Children ages 7-9 years old (orange)
|
| 650 |
|
0 |
|a English fiction
|
| 999 |
|
|
|a 0000927215
|b Book
|c Children Collection
|e Cawangan Tangkak
|
| 999 |
|
|
|a 0000965305
|b Book
|c Children Collection
|e Perbadanan Perpustakaan Awam Johor
|
| 999 |
|
|
|a 0000965306
|b Book
|c Children Collection
|e Cawangan Pontian
|
| 999 |
|
|
|a 0000965307
|b Book
|c Children Collection
|e Perbadanan Perpustakaan Awam Johor
|
| 999 |
|
|
|a 0000972362
|b Book
|c Children Collection
|e Perbadanan Perpustakaan Awam Johor
|
| 999 |
|
|
|a 0000972363
|b Book
|c Children Collection
|e Cawangan Pontian
|